I sei paesi più vicini: il Belgio - Statistics

Statistiche generali
  • Questo quiz è stato fatto 54 volte
  • Il punteggio medio è 5 su 6
Statistiche sulle risposte
km paese % Corretto
0 Paesi Bassi
98%
0 Germania
93%
0 Francia
90%
0 Lussemburgo
90%
80 Regno Unito
48%
254 Svizzera
33%
Nessun quiz corrispondente trovato
Distribuzione punteggi
Percentuale di utenti per punteggio
Percentile per numero di risposta
I tuoi punteggi nel tempo
Non hai fatto questo quiz